| 000 | 00518cam a2200193ua 4500 | ||
|---|---|---|---|
| 020 | _c6.00 | ||
| 041 |
_aeng _h |
||
| 082 |
_a541 _bSAJ/AD |
||
| 100 | _aSatya Prakash, . | ||
| 245 |
_aAdvanced chemical calculations in organic, analytical and physical chemistry / _cSatya Prakash. _hTextual Documents |
||
| 250 |
_a5 / _b. |
||
| 260 |
_aNew Delhi : _bS.Chand and Co , _c1962. |
||
| 300 | _a427 ; . | ||
| 365 | _a6.00 | ||
| 504 | _a | ||
| 700 | 1 | _aRam Das, Tiwari . | |
| 942 | _cBK | ||
| 999 |
_c9563 _d9563 |
||